<?xml version="1.0" encoding="UTF-8"?><?xml-stylesheet type="text/xsl" href="static/style.xsl"?><OAI-PMH xmlns="http://www.openarchives.org/OAI/2.0/" xmlns:xsi="http://www.w3.org/2001/XMLSchema-instance" xsi:schemaLocation="http://www.openarchives.org/OAI/2.0/ http://www.openarchives.org/OAI/2.0/OAI-PMH.xsd"><responseDate>2026-04-28T19:28:21Z</responseDate><request verb="GetRecord" identifier="oai:uvadoc.uva.es:10324/31462" metadataPrefix="marc">https://uvadoc.uva.es/oai/request</request><GetRecord><record><header><identifier>oai:uvadoc.uva.es:10324/31462</identifier><datestamp>2025-02-20T12:23:04Z</datestamp><setSpec>com_10324_1186</setSpec><setSpec>com_10324_931</setSpec><setSpec>com_10324_894</setSpec><setSpec>com_10324_28542</setSpec><setSpec>com_10324_952</setSpec><setSpec>col_10324_1404</setSpec><setSpec>col_10324_28543</setSpec></header><metadata><record xmlns="http://www.loc.gov/MARC21/slim" xmlns:doc="http://www.lyncode.com/xoai" xmlns:xsi="http://www.w3.org/2001/XMLSchema-instance" xmlns:dcterms="http://purl.org/dc/terms/" xsi:schemaLocation="http://www.loc.gov/MARC21/slim http://www.loc.gov/standards/marcxml/schema/MARC21slim.xsd">
<leader>00925njm 22002777a 4500</leader>
<datafield tag="042" ind1=" " ind2=" ">
<subfield code="a">dc</subfield>
</datafield>
<datafield tag="720" ind1=" " ind2=" ">
<subfield code="a">Martín Ruiz, Blanca</subfield>
<subfield code="e">author</subfield>
</datafield>
<datafield tag="720" ind1=" " ind2=" ">
<subfield code="a">Pérez Ortega, Ignacio</subfield>
<subfield code="e">author</subfield>
</datafield>
<datafield tag="720" ind1=" " ind2=" ">
<subfield code="a">Albéniz Jiménez, Ana Carmen</subfield>
<subfield code="e">author</subfield>
</datafield>
<datafield tag="260" ind1=" " ind2=" ">
<subfield code="c">2018</subfield>
</datafield>
<datafield tag="520" ind1=" " ind2=" ">
<subfield code="a">A large variety of α-(pentafluorophenylmethyl)benzylic palladium complexes with different ligands have been synthesized and char- acterized. Multinuclear NMR spectroscopic data allow to determine the σ-or η3-benzylic nature of the complexes in solution. The adoption of either coordination mode is a function of the number of ligands coordinated to palladium and, remarkably, the presence of bulky phosphines favors the adoption of a bidentate η3-benzylic mode and palladium pentacoordinated complexes. Experimental data and DFT calculations indicate that this five- coordination could alleviate the steric hindrance of two cis bulky phosphines. The benzylic complexes show a rich fluxional behavior that involves both ligand exchange and σ- to η3-benzylic interconversion.</subfield>
</datafield>
<datafield tag="024" ind2=" " ind1="8">
<subfield code="a">Organometallics, 2018, Vol. 37, p. 1074-1085</subfield>
</datafield>
<datafield tag="024" ind2=" " ind1="8">
<subfield code="a">http://uvadoc.uva.es/handle/10324/31462</subfield>
</datafield>
<datafield tag="024" ind2=" " ind1="8">
<subfield code="a">10.1021/acs.organomet.8b00065</subfield>
</datafield>
<datafield ind1=" " ind2=" " tag="653">
<subfield code="a">Chemistry</subfield>
</datafield>
<datafield ind1=" " ind2=" " tag="653">
<subfield code="a">Organometallic Chemistry</subfield>
</datafield>
<datafield tag="245" ind1="0" ind2="0">
<subfield code="a">Benzylic Complexes of Palladium(II): Bonding modes and Penta- coordination for Steric Relief</subfield>
</datafield>
</record></metadata></record></GetRecord></OAI-PMH>